Obálka Náhled e-knihy:
PDF
Pro půjčování e-knih musíte být přihlášeni.
Jak si půjčit online?

České pohádky pro malé děti : anglicko-české vydání = Czech fairy tales for small children : English-Czech edition /

Bohatě ilustrovaná kniha převyprávěných klasických pohádek, kde nemůže chybět chaloupka z perníku, neposlušná kůzlátka nebo třeba hrneček, co umí vařit tu nejsladší kaši na světě. Tentokrát v dvojjazyčném anglicko-českém vydání.

Uloženo v:
Hlavní autor: Mrázková, Eva (Autor)
Další autoři: Randall, Ailsa Marion, 1974- (Autor), Čuma, Aleš, 1967- (Překladatel), Mrázková, Eva. (Ilustrátor)
Médium: E-kniha
Jazyk:Czech
English
Vydáno: Brno : Edika, 2019
Vydání:1. vydání
Témata:
Tagy:
Žádné tagy
LEADER 02617nam a2200553 i 4500
001 311115
003 CZ PrSKC
005 20260601215659.0
007 ta
008 191126s2019 xr a b 000 j cze
015 |a cnb003161570 
020 |a 9788026614760  |q (vázáno) :  |c Kč 369,00 
035 |a (OCoLC)1135599739 
040 |a ABG001  |b cze  |d ABA001  |d OLA001  |e rda 
041 1 |a cze  |a eng  |h cze 
072 7 |a 821.162.3-3  |x Česká próza  |2 Konspekt 
072 7 |a 821-93  |x Literatura pro děti a mládež (beletrie)  |2 Konspekt 
080 |a 821.162.3-34  |2 MRF 
080 |a 821-93  |2 MRF 
080 |a (0:82-34)  |2 MRF 
080 |a (0.027)=030  |2 MRF 
100 1 |a Mrázková, Eva  |7 mzk2011618570  |4 aut 
245 1 0 |a České pohádky pro malé děti :  |b anglicko-české vydání = Czech fairy tales for small children : English-Czech edition /  |c převyprávěla: Eva Mrázková ; přeložila: Ailsa Marion Randall ; ilustrace: Aleš Čuma 
246 3 1 |a Czech fairy tales for small children 
250 |a 1. vydání 
264 1 |a Brno :  |b Edika,  |c 2019 
300 |a 159 stran :  |b barevné ilustrace ;  |c 25 cm 
336 |a text  |b txt  |2 rdacontent 
336 |a statický obraz  |b sti  |2 rdacontent 
337 |a bez média  |b n  |2 rdamedia 
338 |a svazek  |b nc  |2 rdacarrier 
520 2 |a Bohatě ilustrovaná kniha převyprávěných klasických pohádek, kde nemůže chybět chaloupka z perníku, neposlušná kůzlátka nebo třeba hrneček, co umí vařit tu nejsladší kaši na světě. Tentokrát v dvojjazyčném anglicko-českém vydání. 
546 |a Souběžný anglický text 
655 7 |a české pohádky  |7 fd133970  |2 czenas 
655 7 |a dvojjazyčná vydání  |7 fd194533  |2 czenas 
655 7 |a publikace pro děti  |7 fd133156  |2 czenas 
655 9 |a Czech fairy tales  |2 eczenas 
655 9 |a bilingual editions  |2 eczenas 
655 9 |a children's literature  |2 eczenas 
700 1 |a Randall, Ailsa Marion,  |d 1974-  |7 mub2013759583  |4 trl 
700 1 |a Čuma, Aleš,  |d 1967-  |7 jn19981002679  |4 ill 
700 1 2 |a Mrázková, Eva.  |t České pohádky pro malé děti 
700 1 2 |a Mrázková, Eva.  |t České pohádky pro malé děti.  |l Anglicky 
900 |a ABA001  |b 20 
928 9 |a Albatros Media - Edika 
044 |a xr 
910 |a RBIT002 
998 |d 202588  |a https://core.palmknihy.cz/api/books/202588/cover?q0y1er  |b https://core.palmknihy.cz/api/books/202588/cover/400?q0y1er  |c https://core.palmknihy.cz/api/books/202588/cover/50?q0y1er  |e 2029-12-31  |g 160  |i 9788026614760  |k https://core.palmknihy.cz/api/books/202588/preview.pdf  |l   |q 49  |r 1  |s https://www.palmknihy.cz/kniha/202588  |t ebook  |y 2019  |z 0 
999 |d 311113